000 00631nam a2200241Ia 4500
003 OSt
005 20221005121430.0
006 a|||||r|||| 00| 0
007 ta
008 221004b |||||||| |||| 00| 0 eng d
024 _a68896
037 _cTextual
040 _aCRL
_cCRL
_beng
041 _2eng
_aeng
082 _aX:9854.73.N5, H6
100 _aSinai Nathan, etc.
_9630604
245 0 _aHealth insurance in the United States
260 _c1946
650 _a ECONOMICS
650 _aPERSONNEL MANAGEMENT
942 _hX:9854.73.N5, H6
_cTEXL
_2cc
999 _c1041139
_d1041139